| 000 -LEADER |
| fixed length control field |
01638cam a22003854a 4500 |
| 001 - CONTROL NUMBER |
| control field |
12540093 |
| 003 - CONTROL NUMBER IDENTIFIER |
| control field |
MAJU-Karachi |
| 005 - DATE AND TIME OF LATEST TRANSACTION |
| control field |
20210520093649.0 |
| 008 - FIXED-LENGTH DATA ELEMENTS--GENERAL INFORMATION |
| fixed length control field |
010920s2002 nyua b 001 0 eng |
| 010 ## - LIBRARY OF CONGRESS CONTROL NUMBER |
| LC control number |
2001046809 |
| 020 ## - INTERNATIONAL STANDARD BOOK NUMBER |
| International Standard Book Number |
0471443336 (set : alk. paper) |
| 020 ## - INTERNATIONAL STANDARD BOOK NUMBER |
| International Standard Book Number |
0471377775 (v. 1 : cloth : alk. paper) |
| 020 ## - INTERNATIONAL STANDARD BOOK NUMBER |
| International Standard Book Number |
047138030X (v. 2 : cloth : alk. paper) |
| 020 ## - INTERNATIONAL STANDARD BOOK NUMBER |
| International Standard Book Number |
0471380474 (v. 3 : cloth : alk. paper) |
| 020 ## - INTERNATIONAL STANDARD BOOK NUMBER |
| International Standard Book Number |
0471378887 (v. 4 : cloth : alk. paper) |
| 040 ## - CATALOGING SOURCE |
| Original cataloging agency |
DLC |
| Transcribing agency |
DLC |
| Modifying agency |
DLC |
| 042 ## - AUTHENTICATION CODE |
| Authentication code |
pcc |
| 050 00 - LIBRARY OF CONGRESS CALL NUMBER |
| Classification number |
BF181 |
| Item number |
.H336 2002 |
| 082 00 - DEWEY DECIMAL CLASSIFICATION NUMBER |
| Classification number |
150 |
| Edition number |
21 |
| 130 0# - MAIN ENTRY--UNIFORM TITLE |
| Uniform title |
Handbook of experimental psychology. |
| 245 10 - TITLE STATEMENT |
| Title |
Stevens' handbook of experimental psychology / |
| Statement of responsibility, etc |
Hal Pashler, editor-in-chief. |
| 250 ## - EDITION STATEMENT |
| Edition statement |
3rd ed. |
| 260 ## - PUBLICATION, DISTRIBUTION, ETC. (IMPRINT) |
| Place of publication, distribution, etc |
New York : |
| Name of publisher, distributor, etc |
John Wiley & Sons, |
| Date of publication, distribution, etc |
c2002. |
| 300 ## - PHYSICAL DESCRIPTION |
| Extent |
4 v. : |
| Other physical details |
ill. ; |
| Dimensions |
26 cm. |
| 504 ## - BIBLIOGRAPHY, ETC. NOTE |
| Bibliography, etc |
Includes bibliographical references and index. |
| 505 0# - FORMATTED CONTENTS NOTE |
| Formatted contents note |
v. 1. Sensation and perception -- v. 2. Memory and cognitive processes -- v. 3. Learning, motivation, and emotion -- v. 4. Methodology in experimental psychology. |
| 650 #0 - SUBJECT ADDED ENTRY--TOPICAL TERM |
| Topical term or geographic name as entry element |
Psychology, Experimental. |
| 700 1# - ADDED ENTRY--PERSONAL NAME |
| Personal name |
Stevens, S. S. |
| Fuller form of name |
(Stanley Smith), |
| Dates associated with a name |
1906-1973. |
| 700 1# - ADDED ENTRY--PERSONAL NAME |
| Personal name |
Pashler, Harold E. |
| 856 42 - ELECTRONIC LOCATION AND ACCESS |
| Materials specified |
Publisher description |
| Uniform Resource Identifier |
<a href="http://www.loc.gov/catdir/description/wiley035/2001046809.html">http://www.loc.gov/catdir/description/wiley035/2001046809.html</a> |
| 856 41 - ELECTRONIC LOCATION AND ACCESS |
| Materials specified |
Table of contents |
| Uniform Resource Identifier |
<a href="http://www.loc.gov/catdir/toc/wiley021/2001046809.html">http://www.loc.gov/catdir/toc/wiley021/2001046809.html</a> |
| 906 ## - LOCAL DATA ELEMENT F, LDF (RLIN) |
| a |
7 |
| b |
cbc |
| c |
orignew |
| d |
1 |
| e |
ocip |
| f |
20 |
| g |
y-gencatlg |
| 942 ## - ADDED ENTRY ELEMENTS (KOHA) |
| Source of classification or shelving scheme |
|
| Koha item type |
Psychology |